Water Supply And Sanitary Engineering. (Record no. 83407)

MARC details
000 -LEADER
fixed length control field 00435nam a2200169Ia 4500
008 - FIXED-LENGTH DATA ELEMENTS--GENERAL INFORMATION
fixed length control field 221125s9999 xx 000 0 und d
020 ## - INTERNATIONAL STANDARD BOOK NUMBER
International Standard Book Number 818559435-X
041 ## - LANGUAGE CODE
Language code of text/sound track or separate title eng
082 ## - DEWEY DECIMAL CLASSIFICATION NUMBER
Classification number 696.18 RAN/RAN
100 ## - MAIN ENTRY--PERSONAL NAME
Personal name Rangwala S C.
245 ## - TITLE STATEMENT
Title Water Supply And Sanitary Engineering.
250 ## - EDITION STATEMENT
Edition statement 19th
260 ## - PUBLICATION, DISTRIBUTION, ETC. (IMPRINT)
Name of publisher, distributor, etc. Charotar Publishing House
Place of publication, distribution, etc. Anand
Date of publication, distribution, etc. 2004
300 ## - PHYSICAL DESCRIPTION
Extent 797p
650 ## - SUBJECT ADDED ENTRY--TOPICAL TERM
Topical term or geographic name as entry element Building Services
700 ## - ADDED ENTRY--PERSONAL NAME
Personal name Rangawala S C
Holdings
Withdrawn status Lost status Damaged status Not for loan Collection code Home library Current library Shelving location Date acquired Vendor Cost, normal purchase price Total Checkouts Full call number Barcode Date last seen Cost, replacement price Bill Date Koha item type Original Barcode
        Book of B Arch Dr. Bhanuben Nanavati College of Architecture Dr. Bhanuben Nanavati College of Architecture   31/03/2006 Book Land 115.00   628.1 RAN/RAN BNCA-BK-4510 25/11/2022 135.00 23/03/2006 Books B004510